Simpsons Trivia - Season 6 - Statistics

General Stats
  • This quiz has been taken 135 times
  • The average score is 16 of 25
Answer Stats
Episode Question Answer % Correct
"Itchy & Scratchy Land" Bart is annoyed when the gift shop has no "BART" license plates, especially since they do have plates for what other "popular" name? Bort
86%
"Treehouse of Horror V" Who dies from an axe to the back in every segment of this episode? Groundskeeper Willie
82%
"Bart's Comet" When Flanders' bomb shelter is not big enough to fit the entire town, who is forced to leave? Ned Flanders
77%
"Who Shot Mr. Burns? (Part One)" What is Mr. Burns' ultimate act of villainry? Block out the {sun}
76%
"The PTA Disbands" When the teachers go on strike, who takes over teaching Bart's class, much to his embarrassment? Marge
76%
"Round Springfield" Which idol of Lisa's dies in this episode? Bleeding Gums Murphy
75%
"Lisa's Rival" Ralph wins the competition by presenting a diorama consisting of what? {Star} {Wars} action figures
74%
"Fear of Flying" Marge's fear of flying stems from the fact that her father was a what? Stewardess
72%
"Homer Badman" Homer gets into trouble because of a gummy shaped like what famous work of art? Venus de Milo
72%
"And Maggie Makes Three" Homer uses pictures of Maggie to partially cover up his demotivational plaque, revealing what inspriational message? Do It for Her
71%
"Homie the Clown" Krusty proves he is a terrible gambler by betting against which famous exhibition basketball team? Harlem Globetrotters
71%
"Another Simpsons Clip Show" Name one of the "other halves" in the failed romances of Homer, Marge, Bart, and Lisa retold in this episode. Mindy / Jacques / Laura / Ralph
68%
"Homer vs. Patty and Selma" Which physical education class is Bart forced to take because he shows up late and has no other choice? Ballet
67%
"Bart of Darkness" Nelson tricks Bart into falling and breaking his leg by telling him which part of his body is showing? Epidermis
63%
"Homer the Great" What new secret society is formed after the Stonecutters disband? The Ancient Mystic Society of {No} {Homers}
60%
"A Star is Burns" Homer's initial inclination is to give the grand prize to which film? Man Getting {Hit} {by} {Football}
59%
"Grampa vs. Sexual Inadequacy" The adults' strange behavior of rushing to be home before dark leads the children of Springfield to conclude they are what? Reverse {vampires}
59%
"Lemon of Troy" After losing the lemon tree, the Shelbyvillians are forced to resort to making juice out of what vegetable? Turnip
57%
"The Springfield Connection" Homer discovers that Herman is running an illegal operation to counterfeit what? Jeans
56%
"Sideshow Bob Roberts" How does Homer justify voting for Sideshow Bob? He doesn't agree with his {Bart}-killing policy, but he does approve of his {Selma}-killing policy.
50%
"Bart vs. Australia" What hilarious and cruel punishment does Australia want to give Bart for defrauding one of its citizens? Booting
45%
"Bart's Girlfriend" Which fictional festival, featuring Groundskeeper Willie, turns out to be an elaborate scheme by Principal Skinner to catch Bart misbehaving? {Scotchtober}fest
45%
"Two Dozen and One Greyhounds" What is the name of Santa's Little Helper's mate? (hint: she's a racing dog) She's the {Fastest}
45%
"Lisa on Ice" Because she failed second grade gym, Lisa imagines a future in which she is banished to where? (hint: it's actually a peninsula) Monster Island
44%
"Lisa's Wedding" According to "Friar Wiggum," an esquilax is a horse with the head of a rabbit and the body of a what? Rabbit
39%
No matching quizzes found
Score Distribution
Percent of People with Each Score
Percentile by Number Answered
Your Score History
You have not taken this quiz